LEADER 01236nam a2200289 i 4500 001 000000191621 003 CaOOAMICUS 005 20100812000000.0 008 100812s1986 it u000 u ita u 013 $a170191 020 $a88-02-04061-3 040 $aSeMil$bita 240 10$aFoglie morte ; Nessuno scrive al colonnello ; Cent'anni di solitudine.$0(OLS)http://semarc/title/276124 245 10$aGabriel García Márquez. 260 $aTorino :$bUTET,$cstampa 1986. 300 $aLV, 657 p., [1] c. di ritr. ;$c18 cm. 490 0 $aScrittori del mondo: i Nobel 500 $aSul dorso : Premio Nobel 1982. - In custodia. 650 4$aMárquez, Gabriel García - Opere.$0(OLS)http://semarc/subject/36092 700 1 $aGarcía Márquez, Gabriel,$d<1927-2014>.$0(OLS)http://semarc/name/9228 830 0$aScrittori del mondo: i Nobel.$0(OLS)http://semarc/title/25869 850 $aSeMil 852 $aSeMil$W1$xVenegono$y1$m1W I 277$j142235$B142235$CSeMilBibl$Z2$F153753 $81 961 $aOmaggio: Sacchi don Luigi 996 $6020$a88-02-04061-3$9(OLS)http://semarc/number/182750 996 $6245$aGabriel García Márquez$9(OLS)http://semarc/title/276123 996 $6260$aTorino :$bUTET$9(OLS)http://semarc/publisher/29621 LEADER 00784nam a2200193 i 4500 001 000000196082 003 CaOOAMICUS 005 20110112000000.0 008 110112s1967 it u000 u ita u 013 $a174763 040 $aSeMil$bita 100 1 $aCasini, Tito,$d<1897-1987>.$0(OLS)http://semarc/name/10572 245 10$aDicebamus heri... :$bla "tunica stracciata" alla sbarra /$cTito Casini. 260 $aFirenze :$bIl Carro di San Giovanni,$c1967. 300 $a203 p. ;$c21 cm. 850 $aSeMil 852 $aSeMil$W1$xVenegono$y1$m3K I 237$j146647$B146647$CSeMilBibl$Z2$F158118 $81 996 $6245$aDicebamus heri... :$bla "tunica stracciata" alla sbarra$9(OLS)http://semarc/title/283076 996 $6260$aFirenze :$bIl Carro di San Giovanni$9(OLS)http://semarc/publisher/50688